000 00396nam a2200181Ia 4500
003 0STCL
008 150530s9999 xx 000 0 und d
040 _aSTCL
_cSTCL
100 _aAlan Carr
245 _aPostive Psychology
250 _a1
260 _bRoutledge ; London
_c2007
_aLondon
300 _a0
546 _aEnglish
942 _2ddc
_cBK
999 _c2143
_d2143
005 20220125165308.0